书目信息 |
| 题名: |
回眸纽约
|
|
| 作者: | 谢芳 著 | |
| 分册: | ||
| 出版信息: | 北京 中国城市经济社会出版社 2002.01 |
|
| 页数: | 452页 | |
| 开本: | 20cm | |
| 丛书名: | 学者眼中的世界名城丛书 | |
| 单 册: | ||
| 中图分类: | F299.712 | |
| 科图分类: | ||
| 主题词: | 城市管理--研究--纽约 , 城市建设--研究--纽约 | |
| 电子资源: | ||
| ISBN: | 7-5074-1352-7 | |
| 000 | 00926nam 22002537 4500 | |
| 001 | 192004002938 | |
| 005 | 20070905155808.03 | |
| 010 | @a7-5074-1352-7@dCNY25.00 | |
| 100 | @a20070601d2002 ekmy0chiy0121 ea | |
| 101 | 0 | @achi |
| 102 | @aCN@b110000 | |
| 105 | @ay z 000yy | |
| 200 | 1 | @a回眸纽约@Ahui mou niu yue@f谢芳著 |
| 210 | @a北京@c中国城市经济社会出版社@d2002.01 | |
| 215 | @a452页@d20cm | |
| 225 | 2 | @a学者眼中的世界名城丛书@Axue zhe yan zhong de shi jie ming cheng cong shu |
| 330 | @a本书是一本有关纽约城市管理、建设的研究书籍,本书从宏观的角度分析了城市的行政管理体制和沿革、城市的社会经济发展水平、城市公共服务设施的建立与完善、地方政府体制的动作、社区组织的建立与行动等内容。 | |
| 410 | 0 | @12001 @a学者眼中的世界名城丛书 |
| 606 | 0 | @a城市管理@x研究@y纽约 |
| 606 | 0 | @a城市建设@x研究@y纽约 |
| 690 | @aF299.712@v4 | |
| 701 | 0 | @a谢芳@Axie fang@4著 |
| 801 | 0 | @aCN@c20070905 |
| 905 | @dF299.712@eX432 | |
| 回眸纽约/谢芳著.-北京:中国城市经济社会出版社,2002.01 |
| 452页;20cm.-(学者眼中的世界名城丛书) |
| ISBN 7-5074-1352-7:CNY25.00 |
| 本书是一本有关纽约城市管理、建设的研究书籍,本书从宏观的角度分析了城市的行政管理体制和沿革、城市的社会经济发展水平、城市公共服务设施的建立与完善、地方政府体制的动作、社区组织的建立与行动等内容。 |
| ● |
| 相关链接 |
|
|
|
正题名:回眸纽约
索取号:F299.712/X432
 
预约/预借
| 序号 | 登录号 | 条形码 | 馆藏地/架位号 | 状态 | 备注 |
| 1 | 621899 | 206218993 | 社科库409/409社科库 51排4列3层/ [索取号:F299.712/X432] | 在馆 | |
| 2 | 621900 | 206219000 | 社科库409/409社科库 32排2列5层/ [索取号:F299.712/X432] | 在馆 | |
| 3 | 621901 | 206219019 | 社科二线422/409社科库 32排2列3层/ [索取号:F299.712/X432] | 在馆 |